[Event "SV Letmathe 1 - Elberfelder SG 1"]
[Site "NRW-Klasse, Gruppe 1 2014/201"]
[Date "2014.12.14"]
[Round "4.2"]
[White "Kolosowski, Mateusz"]
[Black "Mantler, Hendrik"]
[Result "1-0"]
[WhiteElo "2447"]
[BlackElo "2199"]
[PlyCount "75"]
[EventDate "2014.??.??"]
[WhiteTeam "SV Letmathe 1"]
[BlackTeam "Elberfelder SG 1"]

1. d4 Nf6 2. c4 e6 3. g3 d5 4. Nf3 Be7 5. Bg2 O-O 6. O-O dxc4 7. Qc2 a6 8. Qxc4
b5 9. Qc2 Bb7 10. Bd2 Nbd7 11. Ba5 Rc8 12. Nbd2 Bd6 13. a3 Qe7 14. e4 e5 15. b4
Rfe8 16. Rae1 Qe6 17. Nh4 Bf8 18. d5 Qg4 19. h3 Qh5 20. Ndf3 c6 21. g4 Nxg4 22.
hxg4 Qxg4 23. dxc6 Rxc6 24. Qd2 Rc4 25. Nh2 Qxh4 26. Qxd7 Bc6 27. Qg4 Qh6 28.
Nf3 Rc3 29. Nh4 Rxa3 30. Rc1 Ba8 31. Rc7 Rd3 32. Rfc1 Rdd8 33. Nf5 Qf6 34. R1c3
Qe6 35. Rh3 Qg6 36. Qf3 h6 37. Nxh6+ gxh6 38. Rg3 1-0

[Event "SV Letmathe 1 - Elberfelder SG 1"]
[Site "NRW-Klasse, Gruppe 1 2014/201"]
[Date "2014.12.14"]
[Round "4.3"]
[White "Hintze, Helge"]
[Black "Adamski, Jan"]
[Result "1/2-1/2"]
[WhiteElo "2218"]
[BlackElo "2276"]
[PlyCount "35"]
[EventDate "2014.??.??"]
[WhiteTeam "Elberfelder SG 1"]
[BlackTeam "SV Letmathe 1"]

1. Nf3 Nf6 2. g3 b5 3. Bg2 Bb7 4. O-O e6 5. b3 c5 6. d4 cxd4 7. Nxd4 Bxg2 8.
Kxg2 Qb6 9. Ba3 Bc5 10. Bxc5 Qxc5 11. Qd3 Nc6 12. c3 Rb8 13. f3 O-O 14. a4 bxa4
15. Rxa4 Rfc8 16. Nxc6 Rxc6 17. Rc4 Qd5 18. Rxc6 1/2-1/2

[Event "SV Letmathe 1 - Elberfelder SG 1"]
[Site "NRW-Klasse, Gruppe 1 2014/201"]
[Date "2014.12.14"]
[Round "4.4"]
[White "Schleining, Zoya"]
[Black "Kurr, Gerd"]
[Result "1-0"]
[WhiteElo "2326"]
[BlackElo "2190"]
[PlyCount "53"]
[EventDate "2014.??.??"]
[WhiteTeam "SV Letmathe 1"]
[BlackTeam "Elberfelder SG 1"]

1. d4 Nf6 2. Nf3 e6 3. c4 b6 4. Nc3 Bb7 5. Bg5 Be7 6. Qc2 d5 7. cxd5 Nxd5 8.
Bxe7 Qxe7 9. Nxd5 exd5 10. e3 O-O 11. Bd3 h6 12. Rc1 Na6 13. a3 c5 14. O-O Rac8
15. Bh7+ Kh8 16. Bf5 Rc7 17. Qd2 Nb8 18. Ne5 Nc6 19. f4 Nxe5 20. fxe5 f6 21.
exf6 Rxf6 22. Bb1 cxd4 23. Qd3 Rxf1+ 24. Rxf1 g6 25. Qxg6 Qxe3+ 26. Kh1 Qf4 27.
Bd3 1-0

[Event "SV Letmathe 1 - Elberfelder SG 1"]
[Site "NRW-Klasse, Gruppe 1 2014/201"]
[Date "2014.12.14"]
[Round "4.5"]
[White "Noetzel, Frank"]
[Black "Soukup, Jiri"]
[Result "0-1"]
[WhiteElo "2165"]
[BlackElo "2315"]
[PlyCount "62"]
[EventDate "2014.??.??"]
[WhiteTeam "Elberfelder SG 1"]
[BlackTeam "SV Letmathe 1"]

1. f4 d5 2. d3 Nf6 3. Nf3 e6 4. g3 Bc5 5. e3 O-O 6. Bg2 Bb6 7. O-O c5 8. Kh1
Nc6 9. Qe2 Re8 10. e4 dxe4 11. dxe4 e5 12. f5 Nd4 13. Qd3 c4 14. Qxc4 Nxe4 15.
Nxd4 exd4 16. Qd3 Bd7 17. Nd2 Nd6 18. Nc4 Bb5 19. b3 Rc8 20. Qd1 Nxc4 21. bxc4
Bxc4 22. Re1 Rxe1+ 23. Qxe1 Bd5 24. Qe2 Bxg2+ 25. Qxg2 Qf6 26. Qxb7 Qxf5 27.
Bf4 Rxc2 28. Re1 h6 29. Re8+ Kh7 30. Re1 d3 31. Qf3 Rf2 0-1

[Event "SV Letmathe 1 - Elberfelder SG 1"]
[Site "NRW-Klasse, Gruppe 1 2014/201"]
[Date "2014.12.14"]
[Round "4.6"]
[White "Gruermann, Martin"]
[Black "Kesseler, Heiko"]
[Result "1-0"]
[WhiteElo "2090"]
[BlackElo "1976"]
[Annotator "Hausrath,Daniel"]
[PlyCount "105"]
[EventDate "2014.??.??"]
[WhiteTeam "SV Letmathe 1"]
[BlackTeam "Elberfelder SG 1"]

1. Nf3 d5 2. c4 c6 3. cxd5 cxd5 4. d4 Nc6 5. Nc3 Bf5 6. Qb3 Qd7 7. Bf4 e6 8. e3
Bb4 9. Ne5 Bxc3+ 10. bxc3 Nxe5 11. Bxe5 Kf8 12. Qb4+ Ne7 13. Bb5 Qd8 14. Bd6 f6
15. O-O Kf7 16. Be2 Re8 17. c4 a5 18. Qa3 Nc8 19. Bg3 Nb6 20. cxd5 exd5 21.
Rfc1 Re7 22. Rc5 Nc4 23. Qc3 Rc8 24. Rxc8 Qxc8 25. Qb3 Qc6 26. Qc3 Qa4 27. Qb3
Bc2 28. Qc3 b5 29. Rc1 Bf5 30. Bd1 Qb4 31. Bf3 Rd7 32. h3 Qxc3 33. Rxc3 Be6 34.
Bd1 a4 35. Rc1 Rd8 36. Kf1 Ke7 37. Ke2 Rc8 38. f3 Bf5 39. Be1 Kd7 40. Bb4 Re8
41. Rc3 Bb1 42. a3 f5 43. Kf2 g5 44. Be2 $11 Ba2 45. Bd3 Ke6 46. g4 fxg4 47.
hxg4 h6 48. Bf5+ Kf6 $11 49. e4 dxe4 50. fxe4 Rd8 51. e5+ Nxe5 52. dxe5+ Kxe5
53. Re3+ 1-0

[Event "SV Letmathe 1 - Elberfelder SG 1"]
[Site "NRW-Klasse, Gruppe 1 2014/201"]
[Date "2014.12.14"]
[Round "4.7"]
[White "Kuehne, Marco"]
[Black "Pfleger, Sascha"]
[Result "0-1"]
[WhiteElo "2006"]
[BlackElo "1937"]
[PlyCount "108"]
[EventDate "2014.??.??"]
[WhiteTeam "Elberfelder SG 1"]
[BlackTeam "SV Letmathe 1"]

1. d4 Nf6 2. Nf3 c5 3. e3 d6 4. c4 Nbd7 5. Nc3 g6 6. Bd3 Bg7 7. O-O O-O 8. Nd2
Ne8 9. Ne2 Nc7 10. f4 cxd4 11. exd4 d5 12. c5 Ne6 13. Nf3 Qc7 14. f5 Nexc5 15.
dxc5 Nxc5 16. fxg6 hxg6 17. Be3 Bxb2 18. Rb1 Nxd3 19. Qxd3 Bf5 20. Qxd5 Bxb1
21. Rxb1 Qc2 22. Qd1 Qxd1+ 23. Rxd1 Bf6 24. Rd7 b6 25. Bd4 Rfd8 26. Rxd8+ Rxd8
27. Bxf6 Rd1+ 28. Kf2 exf6 29. Ke3 Ra1 30. Nc3 b5 31. Nxb5 Rxa2 32. Nd2 Ra5 33.
Nd4 Re5+ 34. Kf3 Rh5 35. h3 a5 36. Ne4 Kg7 37. Ke3 a4 38. Nc2 Ra5 39. Na3 f5
40. Nc3 Re5+ 41. Kd2 f4 42. Nc2 Ra5 43. Ne2 g5 44. Na3 Kg6 45. Nc3 Kh5 46. Nc4
Ra7 47. Nb5 Ra8 48. Kc3 Kh4 49. Kb4 a3 50. Nbxa3 Rxa3 51. Kxa3 Kg3 52. Nd6 f6
53. Ne4+ Kxg2 54. Nxf6 f3 0-1

[Event "SV Letmathe 1 - Elberfelder SG 1"]
[Site "NRW-Klasse, Gruppe 1 2014/201"]
[Date "2014.12.14"]
[Round "4.8"]
[White "Hunold, Rolf"]
[Black "Bachmann, David"]
[Result "1-0"]
[WhiteElo "1954"]
[BlackElo "1930"]
[Annotator "Hausrath,Daniel"]
[PlyCount "111"]
[EventDate "2014.??.??"]
[WhiteTeam "SV Letmathe 1"]
[BlackTeam "Elberfelder SG 1"]

1. e4 c5 2. Nf3 g6 3. c3 Bg7 4. d4 cxd4 5. cxd4 d5 6. e5 Bg4 7. Be2 Nc6 8. Nbd2
e6 9. h3 Bxf3 10. Nxf3 Nge7 11. O-O Nf5 12. b3 Qb6 13. Bb2 O-O 14. g4 Nfe7 15.
Qd2 Rfc8 16. Rac1 Qd8 17. Rc2 Qf8 18. Ba3 Bh6 19. g5 Bg7 20. Rfc1 Qd8 21. Bb5
Bf8 22. Nh2 a6 23. Bxc6 Rxc6 24. Rxc6 Nxc6 25. Bxf8 Kxf8 26. Ng4 Ne7 27. Nf6
Kg7 28. h4 Rc8 29. h5 Rxc1+ 30. Qxc1 Ng8 31. h6+ Kh8 32. Qc5 Nxf6 33. gxf6 Kg8
34. Qe7 Qc8 35. Kg2 b6 36. Qd6 b5 37. a4 bxa4 38. bxa4 Kh8 39. a5 Kg8 $11 40.
Qb6 Kf8 41. Qb4+ Kg8 42. Kf3 Kh8 43. Qb3 Kg8 44. Ke2 Kf8 45. Qb4+ Kg8 46. Kd3
Kh8 47. Qc3 Qb7 48. Kc2 Kg8 49. Qc5 Qb8 50. Qc6 Kf8 51. Qxa6 Qc7+ 52. Kb3 Ke8
53. Qb5+ Kd8 54. Kb4 Qc2 55. Qb8+ Kd7 56. Qd6+ 1-0

[Event "LSV Turm Lippstadt 1 - SV Kamen 1"]
[Site "NRW-Klasse, Gruppe 1 2014/201"]
[Date "2014.12.14"]
[Round "4.1"]
[White "Weidemann, Christian"]
[Black "Wehmeier, Stefan"]
[Result "1/2-1/2"]
[WhiteElo "2224"]
[BlackElo "2407"]
[PlyCount "42"]
[EventDate "2014.??.??"]
[WhiteTeam "SV Kamen 1"]
[BlackTeam "LSV Turm Lippstadt 1"]

1. e4 e5 2. Nf3 Nc6 3. Bb5 a6 4. Ba4 Nf6 5. O-O Be7 6. d4 exd4 7. e5 Ne4 8.
Nxd4 Nxd4 9. Qxd4 Nc5 10. Nc3 Nxa4 11. Qxa4 O-O 12. Nd5 c6 13. Nxe7+ Qxe7 14.
Qd4 f6 15. exf6 Qxf6 16. Qxf6 Rxf6 17. Re1 d5 18. Re8+ Rf8 19. Rxf8+ Kxf8 20.
Be3 Bf5 21. c3 Re8 1/2-1/2

[Event "LSV Turm Lippstadt 1 - SV Kamen 1"]
[Site "NRW-Klasse, Gruppe 1 2014/201"]
[Date "2014.12.14"]
[Round "4.2"]
[White "Matthias, Heiner"]
[Black "Kilian, Ralf"]
[Result "1/2-1/2"]
[WhiteElo "2310"]
[BlackElo "2133"]
[Annotator "Hausrath,Daniel"]
[PlyCount "125"]
[EventDate "2014.??.??"]
[WhiteTeam "LSV Turm Lippstadt 1"]
[BlackTeam "SV Kamen 1"]

1. Nf3 d5 2. c4 e6 3. g3 Nf6 4. Bg2 c5 5. O-O Nc6 6. cxd5 exd5 7. d4 Be7 8. Nc3
O-O 9. dxc5 Bxc5 10. Na4 Be7 11. Be3 Bg4 12. Qb3 Na5 13. Qd3 Nc4 14. Bd4 Ne4
15. b3 Ncd6 16. Rac1 Bf5 17. Qd1 Qa5 18. Ne5 Rac8 $11 19. f3 Rxc1 20. Qxc1 Rc8
21. Qb2 Nf6 22. Rc1 Rxc1+ 23. Qxc1 b5 24. Qc3 Qxc3 25. Nxc3 b4 26. Nc6 Nc8 27.
Bxf6 Bc5+ 28. Bd4 Bxd4+ 29. Nxd4 bxc3 30. e4 dxe4 31. fxe4 Bg4 32. Kf2 Nd6 33.
Ke3 f5 34. h3 Bd1 35. exf5 Kf7 36. g4 Kf6 37. Kd3 h5 38. Bf3 c2 39. Kd2 Ke5 40.
Nc6+ Kf4 41. Bxd1 cxd1=Q+ 42. Kxd1 hxg4 43. hxg4 Kxg4 44. f6 gxf6 45. Nxa7 Kf4
46. Kd2 Ke4 47. Nc6 f5 48. Kc3 f4 49. Nd4 Kd5 50. Kd3 Ne4 51. Ne6 f3 52. Nf4+
Ke5 53. Ke3 Ng5 54. Nd3+ Kd5 55. Ne1 Ne4 56. Nxf3 Nc3 57. a3 Kc5 58. Kd3 Nb1
59. a4 Kb4 60. Nd4 Nc3 61. a5 Na4 62. Nc6+ Kb5 63. bxa4+ 1/2-1/2

[Event "LSV Turm Lippstadt 1 - SV Kamen 1"]
[Site "NRW-Klasse, Gruppe 1 2014/201"]
[Date "2014.12.14"]
[Round "4.3"]
[White "Kleinegger, Frank"]
[Black "Wagner, Alexej"]
[Result "0-1"]
[WhiteElo "2142"]
[BlackElo "2193"]
[PlyCount "96"]
[EventDate "2014.??.??"]
[WhiteTeam "SV Kamen 1"]
[BlackTeam "LSV Turm Lippstadt 1"]

1. d4 d5 2. Nf3 Nf6 3. c4 dxc4 4. e3 e6 5. Bxc4 c5 6. O-O a6 7. Nc3 Nc6 8. Qe2
cxd4 9. Rd1 Be7 10. exd4 O-O 11. Bg5 Nb4 12. Rac1 b5 13. Bb3 Re8 14. Ne5 Bd7
15. Qf3 Rc8 16. a3 Nc6 17. Nxd7 Qxd7 18. d5 Ne5 19. Qg3 Nc4 20. dxe6 Qxe6 21.
Re1 Qc6 22. Bxc4 bxc4 23. Rcd1 Bf8 24. h3 Ne4 25. Nxe4 Rxe4 26. Rxe4 Qxe4 27.
Qc3 Bc5 28. Re1 Qf5 29. Be3 h6 30. Bxc5 Qxc5 31. Rc1 a5 32. b4 axb4 33. Qxb4
Qd4 34. Rc3 Rc5 35. Qb8+ Kh7 36. Qb1+ g6 37. Qc2 Rc7 38. a4 Qd5 39. Kh2 Rc6 40.
Kg1 h5 41. h4 Qd4 42. g3 Re6 43. Qc1 Re2 44. Rf3 Qd5 45. Qf4 Kg8 46. a5 c3 47.
Re3 Rxe3 48. Qxe3 c2 0-1

[Event "LSV Turm Lippstadt 1 - SV Kamen 1"]
[Site "NRW-Klasse, Gruppe 1 2014/201"]
[Date "2014.12.14"]
[Round "4.4"]
[White "Schroeder, Kevin"]
[Black "Himmel, Hansjoerg"]
[Result "1-0"]
[WhiteElo "2219"]
[BlackElo "2136"]
[PlyCount "51"]
[EventDate "2014.??.??"]
[WhiteTeam "LSV Turm Lippstadt 1"]
[BlackTeam "SV Kamen 1"]

1. e4 c5 2. Nf3 Nc6 3. d4 cxd4 4. Nxd4 e6 5. c4 Nf6 6. Nc3 Bb4 7. Nxc6 dxc6 8.
Qxd8+ Kxd8 9. e5 Nd7 10. Bf4 Bxc3+ 11. bxc3 b6 12. h4 Kc7 13. h5 a5 14. h6 g6
15. O-O-O a4 16. Bg5 Re8 17. f4 Nc5 18. Rd4 Ra5 19. Be2 Nd7 20. Rhd1 Rc5 21.
Bh4 f6 22. exf6 Rf8 23. Bf2 Rxf6 24. Rd6 Ra5 25. Bf3 e5 26. fxe5 1-0

[Event "LSV Turm Lippstadt 1 - SV Kamen 1"]
[Site "NRW-Klasse, Gruppe 1 2014/201"]
[Date "2014.12.14"]
[Round "4.5"]
[White "Georg, Heinz"]
[Black "Fecke, Andreas"]
[Result "1-0"]
[WhiteElo "2160"]
[BlackElo "2112"]
[PlyCount "59"]
[EventDate "2014.??.??"]
[WhiteTeam "SV Kamen 1"]
[BlackTeam "LSV Turm Lippstadt 1"]

1. e4 e5 2. f4 exf4 3. Bc4 Nf6 4. Nc3 c6 5. Bb3 d5 6. exd5 cxd5 7. d4 Bd6 8.
Nf3 Be6 9. O-O Nc6 10. Nb5 Bb8 11. Nc3 O-O 12. Ne2 Nh5 13. c3 Qf6 14. Bc2 Bf5
15. Bxf5 Qxf5 16. Ne1 Qe4 17. Nd3 g5 18. Nc5 Qe7 19. Ng3 fxg3 20. Qxh5 gxh2+
21. Kh1 f6 22. Bd2 Bd6 23. Qf3 Qf7 24. Nxb7 Bc7 25. Nc5 Rae8 26. Rae1 Rxe1 27.
Rxe1 Nd8 28. Qf5 Kg7 29. Nd7 Re8 30. Rxe8 1-0

[Event "LSV Turm Lippstadt 1 - SV Kamen 1"]
[Site "NRW-Klasse, Gruppe 1 2014/201"]
[Date "2014.12.14"]
[Round "4.6"]
[White "Grobbel, Rainer"]
[Black "Huckebrink, Chris"]
[Result "1-0"]
[WhiteElo "2120"]
[BlackElo "2053"]
[PlyCount "73"]
[EventDate "2014.??.??"]
[WhiteTeam "LSV Turm Lippstadt 1"]
[BlackTeam "SV Kamen 1"]

1. d4 Nf6 2. c4 e5 3. dxe5 Ng4 4. Bf4 Nc6 5. Nf3 Bb4+ 6. Nbd2 Qe7 7. e3 Ngxe5
8. Be2 d6 9. O-O Be6 10. Rc1 O-O 11. Nb3 Ng6 12. Bg3 Bg4 13. h3 Bh5 14. Qd5
Nge5 15. a3 Bxf3 16. gxf3 Bc5 17. Nxc5 dxc5 18. Bxe5 Rad8 19. Qe4 f5 20. Qc2
Nxe5 21. f4 Rd6 22. fxe5 Rg6+ 23. Kh2 Qh4 24. Bf3 f4 25. Qe4 Rh6 26. Bg2 g5 27.
Rc3 Qh5 28. exf4 gxf4 29. Rf3 Qg5 30. e6 Rg6 31. Rg1 Kh8 32. e7 Rfg8 33. Rxf4
Re6 34. Qxe6 Qxf4+ 35. Kh1 Rxg2 36. e8=Q+ Rg8 37. Rxg8# 1-0

[Event "LSV Turm Lippstadt 1 - SV Kamen 1"]
[Site "NRW-Klasse, Gruppe 1 2014/201"]
[Date "2014.12.14"]
[Round "4.7"]
[White "Seepe, Udo"]
[Black "Roemhild, Marcus"]
[Result "1-0"]
[WhiteElo "2053"]
[BlackElo "2049"]
[PlyCount "113"]
[EventDate "2014.??.??"]
[WhiteTeam "SV Kamen 1"]
[BlackTeam "LSV Turm Lippstadt 1"]

1. Nf3 c5 2. b3 Nc6 3. Bb2 d6 4. d4 cxd4 5. Nxd4 Nf6 6. e3 e6 7. Be2 Be7 8. O-O
O-O 9. c4 d5 10. cxd5 Nxd4 11. Qxd4 Qxd5 12. Bf3 Qxd4 13. Bxd4 Bd6 14. Rd1 Rd8
15. Nc3 Be7 16. Nb5 Bd7 17. Nxa7 Nd5 18. Bxd5 exd5 19. a4 Re8 20. Nb5 Rec8 21.
Rac1 Rxc1 22. Rxc1 Rc8 23. Rxc8+ Bxc8 24. Nc7 Be6 25. Kf1 Bd6 26. Nxe6 fxe6 27.
f4 Kf7 28. Ke2 g6 29. Kd3 Ke7 30. Kc3 Kd7 31. b4 Bc7 32. h3 Bd8 33. Be5 Bb6 34.
Kd3 Bd8 35. Bd4 Bc7 36. Bc5 Bd8 37. e4 Kc6 38. Bd4 Kd6 39. Bg7 Kc6 40. Bf8 Bf6
41. Bc5 Bd8 42. Bd4 Kd6 43. g4 Kc6 44. Bc5 Kd7 45. exd5 exd5 46. f5 gxf5 47.
gxf5 Bf6 48. b5 Kc7 49. a5 Kd7 50. a6 bxa6 51. bxa6 Kc6 52. Bd4 Be7 53. f6 Bf8
54. a7 Kb7 55. Ke2 Ka8 56. Kf3 Kb7 57. Kg4 1-0

[Event "LSV Turm Lippstadt 1 - SV Kamen 1"]
[Site "NRW-Klasse, Gruppe 1 2014/201"]
[Date "2014.12.14"]
[Round "4.8"]
[White "Chapman, Alan John"]
[Black "Wiese, Thomas"]
[Result "1-0"]
[WhiteElo "1998"]
[BlackElo "1877"]
[PlyCount "67"]
[EventDate "2014.??.??"]
[WhiteTeam "LSV Turm Lippstadt 1"]
[BlackTeam "SV Kamen 1"]

1. d4 d5 2. c4 e6 3. Nf3 Nf6 4. Bg5 Be7 5. Qc2 Nbd7 6. e3 O-O 7. Nc3 c6 8. Bd3
dxc4 9. Bxc4 Nd5 10. Bxe7 Qxe7 11. O-O Nxc3 12. bxc3 e5 13. e4 c5 14. d5 Nb6
15. Nd2 Bd7 16. Bd3 g6 17. f4 c4 18. Be2 Qc5+ 19. Kh1 exf4 20. Nf3 f5 21. Ne5
Ba4 22. Qd2 fxe4 23. Rxf4 Rad8 24. Raf1 e3 25. Qe1 Rxf4 26. Rxf4 Rf8 27. Qg3
Rxf4 28. Qxf4 Qxd5 29. Nxc4 Qf5 30. Qb8+ Qc8 31. Qxc8+ Nxc8 32. Nxe3 Kf7 33.
Kg1 Ke6 34. Bg4+ 1-0

[Event "SG Niederkassel 1 - SK Münster 2"]
[Site "NRW-Klasse, Gruppe 1 2014/201"]
[Date "2014.12.14"]
[Round "4.1"]
[White "Emunds, Hans Georg"]
[Black "Stanetzek, Carsten"]
[Result "1-0"]
[WhiteElo "2128"]
[BlackElo "2193"]
[PlyCount "61"]
[EventDate "2014.??.??"]
[WhiteTeam "SK Münster 2"]
[BlackTeam "SG Niederkassel 1"]

1. e4 e5 2. Nf3 Nc6 3. Bb5 Nf6 4. O-O Nxe4 5. d4 Nd6 6. Bxc6 dxc6 7. dxe5 Nf5
8. Qxd8+ Kxd8 9. Nc3 Ke8 10. b3 Be6 11. Bb2 a5 12. Rad1 h5 13. a4 Be7 14. Ne2
Rd8 15. Nfd4 Bc8 16. e6 Bxe6 17. Nxe6 fxe6 18. Rxd8+ Bxd8 19. Nf4 Rh6 20. Be5
g5 21. Nd3 b6 22. Re1 c5 23. c4 Kd7 24. Rd1 Kc8 25. Ba1 Bf6 26. Ne5 Rh8 27. Kf1
Rd8 28. Rxd8+ Bxd8 29. Nc6 g4 30. Ke2 Nh4 31. Nxd8 1-0

[Event "SG Niederkassel 1 - SK Münster 2"]
[Site "NRW-Klasse, Gruppe 1 2014/201"]
[Date "2014.12.14"]
[Round "4.2"]
[White "Rybarczyk, Klaus"]
[Black "Virnyi, Julius"]
[Result "1/2-1/2"]
[WhiteElo "2161"]
[BlackElo "2043"]
[PlyCount "80"]
[EventDate "2014.??.??"]
[WhiteTeam "SG Niederkassel 1"]
[BlackTeam "SK Münster 2"]

1. Nf3 Nf6 2. c4 e6 3. g3 d5 4. Bg2 Be7 5. O-O O-O 6. b3 d4 7. d3 c5 8. Na3 Nc6
9. Nc2 e5 10. a3 a5 11. Rb1 Bd6 12. Bd2 Qe7 13. e3 dxe3 14. Nxe3 Nd4 15. Re1
Qc7 16. b4 axb4 17. axb4 Ra3 18. Bc1 Ra2 19. Nxd4 exd4 20. Nd5 Nxd5 21. Bxd5 b6
22. bxc5 bxc5 23. Qf3 Qa5 24. Bg5 Be6 25. Be4 h6 26. Bf4 Bxf4 27. Qxf4 Rc8 28.
Red1 Qa4 29. Rdc1 Re8 30. Rb8 Bd7 31. Rxe8+ Bxe8 32. Qf5 Ra1 33. Qh7+ Kf8 34.
Rxa1 Qxa1+ 35. Kg2 Qa6 36. Qh8+ Ke7 37. Qxg7 Qe6 38. f4 Bc6 39. Bxc6 Qe2+ 40.
Kh3 Qh5+ 1/2-1/2

[Event "SG Niederkassel 1 - SK Münster 2"]
[Site "NRW-Klasse, Gruppe 1 2014/201"]
[Date "2014.12.14"]
[Round "4.3"]
[White "Kubo, Thomas"]
[Black "Bussard, Christian"]
[Result "0-1"]
[WhiteElo "2002"]
[BlackElo "2125"]
[PlyCount "46"]
[EventDate "2014.??.??"]
[WhiteTeam "SK Münster 2"]
[BlackTeam "SG Niederkassel 1"]

1. Nf3 Nf6 2. g3 g6 3. b3 Bg7 4. Bb2 O-O 5. Bg2 d6 6. O-O e5 7. d3 Nc6 8. Nbd2
h6 9. c4 Kh7 10. c5 Ng8 11. Nc4 Be6 12. cxd6 cxd6 13. Ba3 b5 14. Nxd6 b4 15.
Rc1 Nge7 16. Nb7 Qb6 17. Bb2 Qxb7 18. Bxe5 Qd7 19. Bf4 Rac8 20. Nd2 Nd5 21. Be3
Nc3 22. Qe1 Nd4 23. Nc4 Ndxe2+ 0-1

[Event "SG Niederkassel 1 - SK Münster 2"]
[Site "NRW-Klasse, Gruppe 1 2014/201"]
[Date "2014.12.14"]
[Round "4.4"]
[White "Broehl, Stephan"]
[Black "Neuer, Thomas"]
[Result "1/2-1/2"]
[WhiteElo "2132"]
[BlackElo "2043"]
[Annotator "Hausrath,Daniel"]
[PlyCount "45"]
[EventDate "2014.??.??"]
[WhiteTeam "SG Niederkassel 1"]
[BlackTeam "SK Münster 2"]

1. e4 e6 2. d4 d5 3. Nc3 Nf6 4. e5 Nfd7 5. Qg4 c5 6. Nb5 cxd4 7. Nf3 Nc6 8. Bf4
a6 9. Nbxd4 Nxd4 10. Nxd4 Qb6 11. O-O-O Nc5 12. Bd3 Bd7 13. Be3 Bb5 14. Kb1
Bxd3 15. cxd3 Na4 16. Nb3 Qb4 17. Qxb4 Bxb4 18. a3 Be7 19. Rc1 Kd7 20. Na5 b6
21. Nc6 Rhc8 $11 22. Nxe7 Kxe7 23. Rxc8 1/2-1/2

[Event "SG Niederkassel 1 - SK Münster 2"]
[Site "NRW-Klasse, Gruppe 1 2014/201"]
[Date "2014.12.14"]
[Round "4.5"]
[White "Quante, Lennart"]
[Black "Schienmann, Bruno"]
[Result "0-1"]
[WhiteElo "2016"]
[BlackElo "2204"]
[PlyCount "98"]
[EventDate "2014.??.??"]
[WhiteTeam "SK Münster 2"]
[BlackTeam "SG Niederkassel 1"]

1. d4 e6 2. c4 Nf6 3. Nc3 Bb4 4. Qc2 b6 5. e4 Bb7 6. Bd3 Bxc3+ 7. bxc3 d6 8.
Nf3 Nbd7 9. e5 dxe5 10. dxe5 Nc5 11. Nd4 Nfd7 12. Bf4 g5 13. Bg3 Bxg2 14. Rg1
Nxd3+ 15. Qxd3 Nc5 16. Qe3 Be4 17. Rd1 Qe7 18. Nb3 Bc2 19. Nxc5 Bxd1 20. Qe4
Rd8 21. Nb7 Bh5 22. Nxd8 Qxd8 23. f3 Bg6 24. Qc6+ Kf8 25. Bf2 Qd3 26. Bd4 Qb1+
27. Kf2 Qxa2+ 28. Kg3 h5 29. Qxc7 Kg7 30. Qe7 h4+ 31. Kg4 Rh5 32. Qf6+ Kh7 33.
h3 Qd2 34. c5 bxc5 35. Bxc5 Rh6 36. Qxg5 Bf5+ 37. Qxf5+ exf5+ 38. Kxf5 Qxc3 39.
f4 Qd3+ 40. Kg4 f5+ 41. exf6 Qe2+ 42. Kf5 Rh5+ 43. Rg5 Qc2+ 44. Ke6 Qc4+ 45.
Ke7 Rxg5 46. fxg5 Qxc5+ 47. Ke8 a5 48. Kf7 Qc7+ 49. Ke8 Kg6 0-1

[Event "SG Niederkassel 1 - SK Münster 2"]
[Site "NRW-Klasse, Gruppe 1 2014/201"]
[Date "2014.12.14"]
[Round "4.6"]
[White "Dierkes, Tobias"]
[Black "Holtel, Jasper"]
[Result "1-0"]
[WhiteElo "2110"]
[BlackElo "2003"]
[PlyCount "147"]
[EventDate "2014.??.??"]
[WhiteTeam "SG Niederkassel 1"]
[BlackTeam "SK Münster 2"]

1. d4 Nf6 2. c4 g6 3. Nf3 Bg7 4. Nc3 d5 5. Bg5 Ne4 6. Bf4 Nxc3 7. bxc3 c5 8. e3
O-O 9. Rb1 a6 10. Bd3 dxc4 11. Bxc4 Qa5 12. O-O Nd7 13. Ng5 e6 14. Qf3 cxd4 15.
cxd4 h6 16. Nxf7 Rxf7 17. Bxe6 Ne5 18. Qh3 Bxe6 19. Qxe6 Nd3 20. Rxb7 Qf5 21.
Qxf5 gxf5 22. Rxf7 Kxf7 23. Bd6 Ke6 24. Bg3 Rc8 25. f3 f4 26. d5+ Kxd5 27. Rd1
Rc1 28. Rxc1 Nxc1 29. Bxf4 Nxa2 30. Kf2 a5 31. Ke2 a4 32. e4+ Kc4 33. Bd6 Nb4
34. e5 a3 35. e6 a2 36. e7 a1=Q 37. e8=Q Qb2+ 38. Kf1 Nd3 39. Qf7+ Kb5 40. Qd5+
Kb6 41. Qxd3 Bd4 42. Bg3 Kc5 43. Bh4 Qa1+ 44. Be1 Qb2 45. Qe2 Qc1 46. Qe7+ Kd5
47. Qb7+ Kd6 48. Qb4+ Kd5 49. Qd2 Qc4+ 50. Qe2 Qc1 51. g3 Qa1 52. Kg2 Kc5 53.
Bf2 Bxf2 54. Qxf2+ Kc6 55. Qc2+ Kb7 56. Qh7+ Ka8 57. Qxh6 Qa5 58. h4 Qb5 59.
Qe3 Qb2+ 60. Kh3 Qa1 61. h5 Qf1+ 62. Kg4 Qb5 63. h6 Qd7+ 64. Kh4 Qd8+ 65. Qg5
Qh8 66. f4 Qb2 67. Kh5 Qh2+ 68. Kg6 Qc2+ 69. f5 Qc6+ 70. f6 Qe8+ 71. Kg7 Qd7+
72. f7 Ka7 73. h7 Qd4+ 74. Kg8 1-0

[Event "SG Niederkassel 1 - SK Münster 2"]
[Site "NRW-Klasse, Gruppe 1 2014/201"]
[Date "2014.12.14"]
[Round "4.7"]
[White "Niermann, Rainer"]
[Black "Riedel, Holger"]
[Result "1/2-1/2"]
[WhiteElo "2015"]
[BlackElo "2153"]
[PlyCount "120"]
[EventDate "2014.??.??"]
[WhiteTeam "SK Münster 2"]
[BlackTeam "SG Niederkassel 1"]

1. e4 e6 2. d4 d5 3. e5 c5 4. c3 Nc6 5. Nf3 Bd7 6. Bd3 Rc8 7. O-O cxd4 8. cxd4
Nb4 9. Nc3 Nxd3 10. Qxd3 Bb4 11. Bd2 Qb6 12. Rfc1 Ne7 13. a3 Bxc3 14. Rxc3 Rxc3
15. Bxc3 Bb5 16. Qd2 h6 17. Rc1 Bc4 18. Bb4 Nc6 19. Bc5 Qb3 20. Rc3 Qa2 21. b4
Qxd2 22. Nxd2 Bb5 23. f4 Kd7 24. Kf2 Rc8 25. Ke3 Ne7 26. a4 Bxa4 27. Ra3 b5 28.
Bxa7 Nf5+ 29. Kf2 Rc2 30. Rd3 h5 31. h3 h4 32. Kf3 Rb2 33. Bc5 Bd1+ 34. Kf2 Bc2
35. Ra3 Ba4 36. Ke1 Rc2 37. Ke2 Ng3+ 38. Kd3 Rc1 39. Nf3 Rd1+ 40. Ke3 Nf5+ 41.
Ke2 Rb1 42. Ra2 f6 43. Kf2 Ke8 44. Ng1 Ng3 45. Ne2 Ne4+ 46. Kf3 f5 47. Ra3 Rf1+
48. Ke3 Rf2 49. g3 hxg3 50. Nxg3 Rh2 51. Nxe4 Rxh3+ 52. Kf2 Rxa3 53. Ng5 Kd7
54. Nh7 Ra2+ 55. Ke3 Bd1 56. Nf8+ Kc6 57. Nxe6 Re2+ 58. Kd3 Rg2 59. Bf8 Kd7 60.
Nxg7 Rxg7 1/2-1/2

[Event "SG Niederkassel 1 - SK Münster 2"]
[Site "NRW-Klasse, Gruppe 1 2014/201"]
[Date "2014.12.14"]
[Round "4.8"]
[White "Guelsen, Taylan"]
[Black "Kaufhold, Thomas"]
[Result "1-0"]
[WhiteElo "1972"]
[BlackElo "2005"]
[PlyCount "65"]
[EventDate "2014.??.??"]
[WhiteTeam "SG Niederkassel 1"]
[BlackTeam "SK Münster 2"]

1. Nf3 Nf6 2. c4 d6 3. b4 g6 4. Bb2 Bg7 5. g3 O-O 6. Bg2 e5 7. d3 Nc6 8. b5 Ne7
9. Nbd2 h6 10. a4 a5 11. Rc1 Nd7 12. Rc2 c5 13. Qa1 f5 14. e3 Qc7 15. Ng1 Nf6
16. Ne2 Bd7 17. O-O g5 18. d4 exd4 19. exd4 Rae8 20. dxc5 dxc5 21. Nc3 Bc8 22.
Nd5 Nexd5 23. cxd5 f4 24. Nc4 Bf5 25. d6 Qf7 26. Rcc1 Qh5 27. Rfe1 Rxe1+ 28.
Rxe1 f3 29. Bf1 Bh3 30. Bd3 Ng4 31. Bxg7 Bf1 32. h4 Bxd3 33. Bxf8 1-0

[Event "SG Ennepe-Ruhr-Süd 1 - SV Erkenschwick "]
[Site "NRW-Klasse, Gruppe 1 2014/201"]
[Date "2014.12.14"]
[Round "4.1"]
[White "Bitalzadeh, Ali"]
[Black "Lupor, Stefan"]
[Result "1/2-1/2"]
[WhiteElo "2357"]
[BlackElo "2219"]
[PlyCount "87"]
[EventDate "2014.??.??"]
[WhiteTeam "SV Erkenschwick 1"]
[BlackTeam "SG Ennepe-Ruhr-Süd 1"]

1. Nf3 Nf6 2. g3 g6 3. Bg2 Bg7 4. O-O O-O 5. c4 d6 6. Nc3 e5 7. b4 Re8 8. d4
exd4 9. Nxd4 Nbd7 10. Nb3 Ne5 11. c5 dxc5 12. Nxc5 c6 13. Bf4 Qe7 14. Qb3 a5
15. N3a4 axb4 16. Qxb4 Ned7 17. Rab1 Nxc5 18. Nxc5 Bf8 19. Be3 Ng4 20. Bd4 Rxa2
21. Qb3 Rxe2 22. Nxb7 Bxb7 23. Qxb7 Qxb7 24. Rxb7 c5 25. Bf3 cxd4 26. Bxg4 R2e7
27. Rfb1 Kg7 28. Kf1 d3 29. Rxe7 Bxe7 30. Rb7 Kf8 31. Rd7 Rd8 32. Rxd8+ Bxd8
33. Bd7 Ba5 34. Bb5 d2 35. Ke2 Ke7 36. h3 g5 37. Bc4 f6 38. f4 gxf4 39. gxf4 h6
40. Bb3 Kd6 41. Kd3 Kc5 42. Bd1 Kd6 43. Bb3 Ke7 44. h4 1/2-1/2